| 000 | 00634nam a22001937a 4500 | ||
|---|---|---|---|
| 005 | 20240430113913.0 | ||
| 010 | _aENG-139399 | ||
| 020 |
_c795.00 _a9788178246567 |
||
| 035 | _aEN-122931 | ||
| 037 | _bDBAD/PUB | ||
| 082 | _a270.4 | ||
| 100 |
_aAlam , Muzaffar _965218 |
||
| 245 |
_aThe Mughals And The Sufis: _bIslam and Political Imagination In India 1500-1750/ _cBy Muzaffar Alam |
||
| 260 |
_aRanikhet _bPermanent Black _c2022 |
||
| 270 |
_a"Himalayana", Mall Road, Ranikhet Cantt _bRanikhet _e263645 |
||
| 300 |
_a454p. _c22cm(pb) |
||
| 700 |
_961889 _aMukherjee, Rudrangshu |
||
| 942 |
_2ddc _cEN _mALA _h270.4 |
||
| 999 |
_c200947 _d200947 |
||